LEADER 01147nam a2200289 i 4500 001 000000149161 003 CaOOAMICUS 005 20060515000000.0 008 060515s1977 it u000 u ita u 013 $a126479 040 $aSeMil$bita 100 1 $aGiono, Jean,$d<1895-1970>.$0(OLS)http://semarc/name/9041 240 13$aLe bonheur fou.$0(OLS)http://semarc/title/218049 245 10$aAlla ricerca della felicità /$cJean Giono ; traduzione di Maria Dazzi ; introduzione di Ugo Ronfani. 260 $aTorino :$bFògola,$c1977. 300 $aXVIII, 445 p. ;$c22 cm. 490 0 $aLa piazza universale 500 $aFondo Ciprandi. 700 1 $aRonfani, Ugo.$0(OLS)http://semarc/name/41779 700 1 $aDazzi, Maria.$0(OLS)http://semarc/name/58644 830 3$aLa piazza universale.$0(OLS)http://semarc/title/20378 850 $aSeMil 852 $aSeMil$W1$xVenegono$y1$m1W IV 243$j101461$B101461$CSeMilBibl$Z2$F111137 $81 941 1 $a1 961 $aOmaggio: Ciprandi dott. Paolo 996 $6245$aAlla ricerca della felicità$9(OLS)http://semarc/title/218048 996 $6260$aTorino :$bFògola$9(OLS)http://semarc/publisher/34059 LEADER 01929nam a2200289 i 4500 001 000000206143 003 CaOOAMICUS 005 20110920000000.0 008 110920s2010 it u000 u ita u 013 $a184893 020 $a978-88-209-8348-2 040 $aSeMil$bita 245 10$aCristo, Chiesa, Uomo :$bil Vaticano 2. nel pontificato di Giovanni Paolo 2. : atti del convegno internazionale promosso dalla Pontificia facoltà teologica San Bonaventura e dalla Fondazione Giovanni Paolo 2. ... : Roma, 28-30 ottobre 2008 /$ca cura di Zdzislaw Jósef Kijas, Andrej Dobrzynski. 260 $aCittà del Vaticano :$bLibreria Editrice Vaticana,$c2010. 300 $a326 p. ;$c24 cm. 600 04$aGiovanni Paolo II .$0(OLS)http://semarc/subject/5525 650 4$aGiovanni Paolo II - Influssi [del] Concilio Vaticano II <2. ; 1962-1965>.$0(OLS)http://semarc/subject/38738 700 1 $aConvegno internazionale «Cristo-Chiesa-Uomo» <2008 ; Roma>.$0(OLS)http://semarc/name/74152 700 1 $aDobrzynski, Andrej.$0(OLS)http://semarc/name/74154 700 1 $aKijas, Zdzislaw Jósef,$c.$0(OLS)http://semarc/name/74153 710 2 $aPontificia Facoltà Teologica San Bonaventura "Seraphicum" .$0(OLS)http://semarc/name/2043 850 $aSeMil 852 $aSeMil$W1$xVenegono$y1$m2A IV 447$j156626$B156626$CSeMilBibl$Z2$F168237 $81 961 $aAcquisto: L.S. srl 996 $6020$a978-88-209-8348-2$9(OLS)http://semarc/number/199985 996 $6245$aCristo, Chiesa, Uomo :$bil Vaticano 2. nel pontificato di Giovanni Paolo 2. : atti del convegno internazionale promosso dalla Pontificia facoltà teologica San Bonaventura e dalla Fondazione Giovanni Paolo 2. ... : Roma, 28-30 ottobre 2008$9(OLS)http://semarc/title/298310 996 $6260$aCittà del Vaticano :$bLibreria Editrice Vaticana$9(OLS)http://semarc/publisher/29734